| 000 | 00688nam a2200205 a 4500 | ||
|---|---|---|---|
| 005 | 20210223130608.0 | ||
| 008 | 080821s1983 mx r 000 0 spa d | ||
| 035 | _aUPN01000159402 | ||
| 049 | _aUNE | ||
| 080 | _a396.4 =20 WOM No.129. | ||
| 245 | 0 | 0 |
_aWomen's education in a rural environment : _bissues and problems : conclusions andrecommendations. |
| 260 |
_aParÃs : _bUNESCO ; _aNew York : _bUNICEF, _c1983. |
||
| 300 | _a18 p. | ||
| 440 | 0 |
_aNotes, comments... ; _v129 |
|
| 690 | _aEducacion de la mujer - Educacion no formal | ||
| 690 | _aEducacion rural - Educacion de la mujer | ||
| 710 | 2 |
_aUNICEF _924085 |
|
| 710 | 2 | _aPrograma de Alimentación Mundial | |
| 905 | _aUNESCO | ||
| 999 |
_c131516 _d131516 |
||